000 00363cam a2200145ua 4500
001 5577
008 120421n II |||gr||||Z||||||eng
040 _aMAIN
041 _aEnglish
082 _a327.154 MAC
100 _aMACRISH , BRIJESH NARAIN.
245 _aINDIA`S RECOGNATION POLICY TOWARDS THE NEW NATIONS
653 _aFOREIGN POLICY OF INDIA
942 _cBK
999 _c5562
_d5562